书目信息 |
| 题名: |
皮肤病研究最新成果
|
|
| 作者: | 黄明达 , 张耀圣 主编 | |
| 分册: | ||
| 出版信息: | 呼和浩特 远方出版社 2003 |
|
| 页数: | 104页 | |
| 开本: | 21cm | |
| 丛书名: | 皮肤粘合素研究丛书 | |
| 单 册: | ||
| 中图分类: | R275.9 | |
| 科图分类: | ||
| 主题词: | 皮肤病--中医治疗法 , 皮肤病 , 中医治疗法 | |
| 电子资源: | ||
| ISBN: | 7-80595-870-X | |
| 000 | 01076oam2 2200313 45 | |
| 001 | 012006030203 | |
| 005 | 20070705154556.26 | |
| 010 | @a7-80595-870-X@dCNY18.00 | |
| 092 | @aCN@b486581 | |
| 100 | @a20060303d2003 em y0chiy0120 ea | |
| 101 | 0 | @achi |
| 102 | @aCN | |
| 105 | @aa z 000yy | |
| 200 | 1 | @a皮肤病研究最新成果@9pi fu bing yan jiu zui xin cheng guo@e揭开皮肤病“顽固”的根源@f黄明达,张耀圣主编 |
| 210 | @a呼和浩特@c远方出版社@d2003 | |
| 215 | @a104页@c图@d21cm | |
| 225 | 2 | @a皮肤粘合素研究丛书@v1 |
| 300 | @a中国中医研究院应用科技研究推广中心推荐读物 | |
| 330 | @a本书主要内容包括:认识的突破,带来治疗的革命!我国顽固性皮肤病研究获重大突破;皮肤病病理示意图等。 | |
| 461 | 0 | @12001 @a皮肤粘合素研究丛书 |
| 517 | 1 | @a揭开皮肤病“顽固”的根源@9jie kai pi fu bing“ wan gu” de gen yuan |
| 606 | 0 | @a皮肤病@x中医治疗法 |
| 606 | 0 | @a皮肤病 |
| 606 | 0 | @a中医治疗法 |
| 690 | @aR275.9@v4 | |
| 701 | 0 | @a黄明达@9huang ming da@4主编 |
| 701 | 0 | @a张耀圣@9zhang yao sheng@4主编 |
| 801 | 0 | @aCN@bLZJBOOK@c20070705 |
| 905 | @a10447@dR275.9@e215 | |
| 皮肤病研究最新成果:揭开皮肤病“顽固”的根源/黄明达,张耀圣主编.-呼和浩特:远方出版社,2003 |
| 104页:图;21cm.-(皮肤粘合素研究丛书;1) |
| 中国中医研究院应用科技研究推广中心推荐读物 |
| ISBN 7-80595-870-X:CNY18.00 |
| 本书主要内容包括:认识的突破,带来治疗的革命!我国顽固性皮肤病研究获重大突破;皮肤病病理示意图等。 |
| ● |
| 相关链接 |
|
|
|
|
正题名:皮肤病研究最新成果
索取号:R275.9/215
 
预约/预借
| 序号 | 登录号 | 条形码 | 馆藏地/架位号 | 状态 | 备注 |
| 1 | 0556609 | 205566092 | 第二样本阅览室/ [索取号:R275.9/215] | 在馆 | |
| 2 | 0556610 | 205566109 | 第三借阅区/ [索取号:R275.9/215] | 在馆 | |
| 3 | 0556611 | 205566118 | 第三借阅区/ [索取号:R275.9/215] | 在馆 | |
| 4 | 0556612 | 205566127 | 第三借阅区/ [索取号:R275.9/215] | 在馆 | |
| 5 | 0556613 | 205566136 | 第三借阅区/ [索取号:R275.9/215] | 在馆 | |
| 6 | 0556614 | 205566145 | 第三借阅区/ [索取号:R275.9/215] | 在馆 | |
| 7 | 0556615 | 205566154 | 第三借阅区/ [索取号:R275.9/215] | 在馆 | |
| 8 | 0556616 | 205566163 | 第三借阅区/ [索取号:R275.9/215] | 在馆 |